| 000 | 00358nam a22001457a 4500 | ||
|---|---|---|---|
| 020 | _a0-471-50023-2 | ||
| 082 | _a519.4 ATK,I | ||
| 100 |
_aATKINSON, KENDALL E _967288 |
||
| 245 | _aAN INTRODUCTION TO NUMERICAL ANALYSIS | ||
| 250 | _a2ND | ||
| 260 |
_aNEWYORK _bJOHN WILEY _c1989 |
||
| 300 | _aXVI,693P | ||
| 650 |
_aNUMERICAL ANALYSIS _9103 |
||
| 942 | _cBK | ||
| 999 |
_c575104 _d575104 |
||